| 000 | 01118cam a2200301 a 4500 | ||
|---|---|---|---|
| 001 | 3757682 | ||
| 003 | ARRUPE | ||
| 005 | 20150121115722.0 | ||
| 008 | 820520s1981 rh af b 000 0 eng | ||
| 010 | _a 82156190 | ||
| 040 |
_aDLC _cDLC _dDLC |
||
| 043 | _af-rh--- | ||
| 050 | 0 | 0 |
_aHD7374.5.C46 _bP37 1981 |
| 082 | 0 | 0 |
_a307/.336 _219 |
| 100 | 1 |
_aPatel, Diana H. _914453 |
|
| 245 | 1 | 0 |
_aChirambahuyo : _ba case study in low-income housing / _cby Diana H. Patel and R.J. Adams with the assistance of D. Masarirambi ; with a foreword by E.J.M. Zvobgo. |
| 260 |
_aGwelo : _bMambo Press, _c1981. |
||
| 300 |
_axi, 99 p., [8] leaves of plates : _bill. ; _c22 cm. |
||
| 440 | 0 |
_aZambeziana ; _vv. 11 _914454 |
|
| 504 | _aIncludes bibliographical references. | ||
| 650 | 0 |
_aLow-income housing _zZimbabwe _zChirambahuyo. _914455 |
|
| 650 | 0 |
_aSquatter settlements _zZimbabwe _zChirambahuyo. _914456 |
|
| 651 | 0 |
_aChirambahuyo (Zimbabwe) _xSocial conditions. _914457 |
|
| 700 | 1 |
_aAdams, R. J. _914458 |
|
| 700 | 1 |
_aMasarirambi, D. _914459 |
|
| 906 |
_a7 _bcbc _corignew _d3 _encip _f19 _gy-gencatlg |
||
| 942 |
_2lcc _cMONOGRAPH |
||
| 999 |
_c121842 _d121842 |
||